Психология веры (Запис № 324587)
[ простий вигляд ]
| 000 -Лідер | |
|---|---|
| fixed length control field | 03895nam a22002777a 4500 |
| 001 - Контрольний номер | |
| control field | 38433 |
| 003 - Ідентифікатор контрольного номера | |
| control field | UA-OsUOA |
| 005 - Дата та час останнього входження (трансакції) | |
| control field | 20230704120051.0 |
| 007 - Фіксоване поле фізичного опису | |
| fixed length control field | ta |
| 008 - Елементи даних фіксованої довжини – загальна інформація | |
| fixed length control field | 20060510b un ||||| |||| 00| 0 ukr d |
| 020 ## - Міжнародний стандартний книжковий номер (ISBN) | |
| Міжнародний стандартний книжковий номер (ISBN) (НП) | 5926803063 |
| 040 ## - Джерело каталогізації | |
| Агенція оригінальної каталогізації | UA-OsUOA |
| Мова каталогізації | rus |
| Агенція, яка здійснювала перезапис | UA-OsUOA |
| Агенція, яка здійснювала модифікацію | UA-OsUOA |
| 041 ## - Код мови | |
| Код мови тексту/ звукової доріжки чи окремого заголовка (П) | rus |
| 080 ## - Індекс Універсальної десяткової класифікації | |
| Індекс Універсальної десяткової класифікації (УДК) (НП) | 159.95 |
| 090 ## - Локальний шифр розміщення | |
| Класифікаційний індекс УДК | 159.95 |
| Авторський знак (НП) | Г77 |
| 100 ## - Основне введення – ім’я особи | |
| Ім’я особи (НП) | Грановская Р. М. |
| 245 ## - Відомості про назву | |
| Назва (НП) | Психология веры |
| Решта назви (НП) | монография |
| Дані про відповідальність (НП) | Р. М. Грановская |
| 260 ## - Публікація, розповсюдження і т.п. (Вихідні дані) | |
| Місце публікації, розповсюдження і т.п. (П) | СПб. |
| Ім’я/ наймення видавництва, розповсюджувача і т.п. (П) | Речь |
| Дата публікації, розповсюдження і т.п. (П) | 2004 |
| 300 ## - Фізичний опис | |
| Обсяг | 576 с. |
| Інші фізичні характеристики (НП) | ил. |
| 490 ## - Область серії | |
| Назва серії | Мэтры мировой психологии |
| 505 00 - Форматована примітка про зміст | |
| Форматована примітка про зміст | Оглавление<br/>Введение<br/><br/>Часть I. Психологический аспект основных религий мира<br/><br/>Глава 1 Индуизм<br/><br/>Глава 2 Зороастризм<br/><br/>Глава 3 Буддизм<br/><br/>Глава 4 Конфуцианство<br/><br/>Глава 5 Иудаизм<br/><br/>Глава 6 Христианство<br/><br/>Глава 7 Ислам<br/><br/>Часть II. Место веры в структуре психики<br/><br/>Глава 8 Воздействие веры на восприятие мира<br/><br/>Глава 9 Модель мира и ее изменение под влиянием веры<br/><br/>Глава 10 Вторжение в психику и разрушение личности тоталитарной сектой<br/><br/>Заключительное обсуждение<br/><br/>Эволюция представлений о Боге<br/><br/>Каноны – колыбель развития языка и стиля<br/><br/>Этапы становления морали<br/><br/>Прогресс в понимании мироздания<br/><br/>Научные идеи, подлежащие развитию<br/><br/>Социализация через обряды и ритуалы<br/><br/>К чему идем?<br/><br/>Библиография<br/><br/> |
| 520 ## - Резюме і т.п. | |
| Резюме, реферат, анотація, тощо (НП) | В монографии «Психология Веры» вера рассматривается как опора человеческих стремлений и потребностей. Автор показывает воздействие мировых религий на формирование человеческой психологии, вскрывает глубинные связи между силой веры и индивидуальным развитием человека. В книге анализируется влияние веры на мировоззрение, психическое здоровье и этику современного человека. Для этого автор использует обширные материалы, накопленные мировыми религиями, исторические и религиозные, посвящённые основоположникам и канонам различных верований, международный и отечественный опыт в области общей психологии. Предлагаемая монография знакомит читателей с основными идеями мировых религий, способствует формированию веротерпимости людей различных вероисповеданий и помогает их продуктивному взаимодействию.<br/><br/>Книга адресована широкой читательской аудитории, но в первую очередь школьным учителям, студентам, а также всем, кто по роду своей деятельности должен эффективно взаимодействовать с людьми различных убеждений. |
| 650 #7 - Додаткове предметне введення – тематичний термін | |
| Тематичний термін чи географічна назва, як елемент введення (НП) | 159.9 Психологія |
| Джерело заголовка чи терміна | UDC |
| 942 ## - Додаткові елементи входу (Коха) | |
| Тип елемента Koha | Книги |
| Source of classification or shelving scheme | Universal Decimal Classification |
| 955 ## - Код типу видання за змістом | |
| Код типу видання за змістом (НП) | Наукові видання |
| Стан вилучень | Стан втрат | Джерело класифікації або схеми стелажів | Стан уражень | Не для кредиту | Постійне місце розташування | Поточне розміщення | Дата придбання | Джерело придбання | Вартість, звичайна ціна покупки | Інвентарний номер | Усього замовленно | Повний номер виклику | Штрих-код | Дата останнього перегляду | Ціна ефективна від | Тип елемента Koha | Вартість, ціна заміни |
|---|---|---|---|---|---|---|---|---|---|---|---|---|---|---|---|---|---|
| Universal Decimal Classification | АБ - Абонемент НБ | АБ - Абонемент НБ | 04/07/2023 | №23/27.06.2023 | 110.00 | 159.95 Г77 | 166000 | 04/07/2023 | 04/07/2023 | Книги | 110.00 | ||||||
| Universal Decimal Classification | ЧЗ - Читальна зала | ЧЗ - Читальна зала | 10/05/2006 | 46/2006 | 110.80 | 96274 | 159.95 Г77 | 96274 | 09/02/2022 | 10/05/2006 | Книги |